Comparative analysis of working capital management of escoms in Karnataka / (Record no. 231159)
[ view plain ]
| 000 -LEADER | |
|---|---|
| fixed length control field | 00754nam a22001937a 4500 |
| 003 - CONTROL NUMBER IDENTIFIER | |
| control field | OSt |
| 005 - DATE AND TIME OF LATEST TRANSACTION | |
| control field | 20240613143657.0 |
| 008 - FIXED-LENGTH DATA ELEMENTS--GENERAL INFORMATION | |
| fixed length control field | 240613b ||||| |||| 00| 0 eng d |
| 040 ## - CATALOGING SOURCE | |
| Transcribing agency | AIMIT LIBRARY |
| 100 ## - MAIN ENTRY--PERSONAL NAME | |
| Personal name | Crasta, Joswin Lainold. |
| Relator term | 2116071 |
| 9 (RLIN) | 170606 |
| 245 ## - TITLE STATEMENT | |
| Title | Comparative analysis of working capital management of escoms in Karnataka / |
| Statement of responsibility, etc. | By Joswin Lainold Crasta ; Guided by Swapna Rose. |
| 260 ## - PUBLICATION, DISTRIBUTION, ETC. | |
| Place of publication, distribution, etc. | Mangalore ; |
| Date of publication, distribution, etc. | 2023. |
| 650 ## - SUBJECT ADDED ENTRY--TOPICAL TERM | |
| Topical term or geographic name entry element | Literature review |
| 9 (RLIN) | 170607 |
| 650 ## - SUBJECT ADDED ENTRY--TOPICAL TERM | |
| Topical term or geographic name entry element | Research methodology |
| 9 (RLIN) | 170608 |
| 650 ## - SUBJECT ADDED ENTRY--TOPICAL TERM | |
| Topical term or geographic name entry element | Data analysis and interpretation |
| 9 (RLIN) | 170609 |
| 700 ## - ADDED ENTRY--PERSONAL NAME | |
| Personal name | Rose, Swapna. |
| Relator term | Guide |
| 9 (RLIN) | 170610 |
| 856 ## - ELECTRONIC LOCATION AND ACCESS | |
| Materials specified | Mangalore Electricity supply company limited |
| Uniform Resource Identifier | <a href="www.mescom.karnataka.gov.in">www.mescom.karnataka.gov.in</a> |
| Link text | www.mescom.karnataka.gov.in |
| 942 ## - ADDED ENTRY ELEMENTS (KOHA) | |
| Source of classification or shelving scheme | Dewey Decimal Classification |
| Koha item type | Project Report |
| Withdrawn status | Lost status | Source of classification or shelving scheme | Damaged status | Not for loan | Collection code | Home library | Current library | Shelving location | Date acquired | Total Checkouts | Barcode | Date last seen | Copy number | Uniform Resource Identifier | Price effective from | Koha item type |
|---|---|---|---|---|---|---|---|---|---|---|---|---|---|---|---|---|
| Dewey Decimal Classification | Not for loan | Project Report MBA | St Aloysius Institute of Management & Information Technology | St Aloysius Institute of Management & Information Technology | Dissertations | 06/13/2024 | PRB02080 | 06/13/2024 | 2116071 | www.mescom.karnataka.gov.in | 06/13/2024 | Project Report |